New researches in sociology of education/ (Record no. 159162)

MARC details
000 -LEADER
fixed length control field 00573nam a22001817a 4500
005 - DATE AND TIME OF LATEST TRANSACTION
control field 20181206154051.0
010 ## - LCCN (DPL NO)
LC control number B-029857
020 ## - INTERNATIONAL STANDARD BOOK NUMBER
International Standard Book Number 8173411808
Terms of availability 395.00
035 ## - SYSTEM CONTROL NUMBER
System control number B-029857
037 ## - SOURCE OF ACQUISITION
Source of stock number/acquisition Indian Publishers Distributors
082 ## - DEWEY DECIMAL CLASSIFICATION NUMBER
Classification number 370.7
245 ## - TITLE STATEMENT
Title New researches in sociology of education/
Statement of responsibility, etc edited by S.P. Ruhela
260 ## - PUBLICATION, DISTRIBUTION, ETC. (IMPRINT)
Place of publication, distribution, etc New Delhi
Name of publisher, distributor, etc Indian Publishers Distributors
Date of publication, distribution, etc 2001
300 ## - PHYSICAL DESCRIPTION
Extent 234p.
Dimensions 24cm(Pbk.)
700 ## - ADDED ENTRY--PERSONAL NAME
Personal name Ruhela, S.P.
942 ## - ADDED ENTRY ELEMENTS (KOHA)
Source of classification or shelving scheme Dewey Decimal Classification
Item type English Books
Classification part 370.7
Call number suffix NEW
Holdings
Withdrawn status Lost status Not for loan Collection code Home library Current library Date acquired Full call number Barcode Koha item type
      Non-fiction Sarojini Nagar Sarojini Nagar 06/12/2018 370.7 NEW B-029857 English Books

© Delhi Public Library
Hit Counter
free hit counter